Imperial China : The historical background to the modern age
Zapisane w:
| 1. autor: | |
|---|---|
| Format: | Książka |
| Język: | Undetermined |
| Wydane: |
London
Allen & Unwin
1966
|
| Etykiety: |
Dodaj etykietę
Nie ma etykietki, Dołącz pierwszą etykiete!
|
| Thư viện lưu trữ: | Trung tâm Học liệu Trường Đại học Cần Thơ |
|---|
| LEADER | 00481nam a2200181Ia 4500 | ||
|---|---|---|---|
| 001 | CTU_111167 | ||
| 008 | 210402s9999 xx 000 0 und d | ||
| 082 | |a 915.1 | ||
| 082 | |b L827 | ||
| 100 | |a Loewe, Michael | ||
| 245 | 0 | |a Imperial China : | |
| 245 | 4 | |b The historical background to the modern age | |
| 245 | 0 | |c Michael Loewe | |
| 260 | |a London | ||
| 260 | |b Allen & Unwin | ||
| 260 | |c 1966 | ||
| 904 | |i Hiếu | ||
| 980 | |a Trung tâm Học liệu Trường Đại học Cần Thơ | ||